Τα μυστήρια των ζώων της Αυστραλίας Animal mysteries : ελάτε να γνωρίσετε τα γοητευτικά και παράδοξα ζώα της Αυστραλίας

Αναφέρεται στα εξωτικά ζώα της Αυστραλίας, της Νέας Ζηλανδίας και Τασμανίας όπου εκεί υπάρχουν σπάνια και μοναδικά ήδη ζώων.

Saved in:
Bibliographic Details
Corporate Author: National Geographic Society (U.S.)
Other Authors: Jampell, Barbara
Format: Slide
Language:English
Greek
Published: [Washington D.C.] : Αθήνα : National Geographic Society, Διανομή Home Video Hellas, 1983.
Series:National Geographic Video
Subjects:
Tags: Add Tag
No Tags, Be the first to tag this record!

MARC

LEADER 00000cgm a2200000 i 4500
001 1/68783
008 041213s1983####us ||| | || ||eng||
035 |l 10075841 
040 |a GR-MY-UA  |b gre  |e aacr 
041 0 |a eng  |j gre 
082 0 |a 910.9   |2 (22)  
245 1 3 |a Τα μυστήρια των ζώων της Αυστραλίας   |h [μαγνητοσκόπηση] =   |b Animal mysteries : ελάτε να γνωρίσετε τα γοητευτικά και παράδοξα ζώα της Αυστραλίας /   |c σενάριο και παραγωγή : Barbara Jampel ; National Geographic Society.  
246 1 |i Παράλληλος τίτλος:   |a Animal mysteries  
260 |a [Washington D.C.] :   |a Αθήνα :   |b National Geographic Society,   |b Διανομή Home Video Hellas,   |c 1983.  
300 |a 1 βιντεοκασέτα (90 λεπτ.) :   |b ομιλ., έγχρ. ;   |c 1/2 ίν.  
490 1 |a National Geographic Video  
508 |a Παραγωγή του National Geographic Special από την National Geographic Society και WQED/Pittsburg; Δυνατότης παραγωγής από την CHEVRON; Εκτέλεση παραγωγής Dennis B. Kane, Thomas Skinner.  
511 0 |a Αφηγητής: Alexander Scourby.  
520 |a Αναφέρεται στα εξωτικά ζώα της Αυστραλίας, της Νέας Ζηλανδίας και Τασμανίας όπου εκεί υπάρχουν σπάνια και μοναδικά ήδη ζώων.  
538 |a VHS format.  
650 0 0 |a Discoveries in geography. 
650 0 0 |a Zoology  |z Australia. 
650 0 0 |a Wildlife conservation  |z Australia. 
700 0 |a Jampell, Barbara. 
710 2 |a National Geographic Society (U.S.) 
830 0 |a National Geographic Video 
852 |a INST  |b LESVOS  |c AV  |e 20041213  |h 910.9 ΜΥΣ  |p 005100030294  |q 005100030294  |t VC  |y 23 
852 |a INST  |b RHODES  |c AV  |e 20050210  |h 910.9 ΜΥΣ  |p 005400017869  |q 005400017869  |t VC  |y 23 
901 |a BIBL1-2004-3 
901 |a BIBL4-2004-1 
909 |a Λ  |b 115468 
909 |a Ρ  |b 042849 
922 |a 1ΕΛΗ  |b 199303  |c ΤΑΚ/ΚΥΒ 
922 |a 4ΕΛΗ  |b 199604  |c ΒΙΒΛΙΟΘΗΚΗ 
970 |a ΜΑΡΙΝΑΤΟΥ  |b ΜΥΡΣΙΝΗ  |z 2004/12/13